000 00633nam a22001937a 4500
005 20130619124612.0
010 _aENG-107312
020 _a9788183163057
_c800.00
035 _aEN-90845
037 _bDBAD/PUB
082 _a371.102
100 _a.Aruna Mohan, G.
245 _aUnderstanding the learner & classroom management /
_cby G.Aruna Mohan ; foreworded by S.Dandapani
260 _aHyderabad
_bNeelkamal Publications
_c2011
270 _aSultan Bazar
_bHyderabad
_e500095
300 _axix,376p.
_c24cm(Hb)
500 _aIncludes bibliographical references and indexes
942 _2ddc
_cEN
_mARU
_h371.102
999 _c76230
_d76230